Culture shock : (Record no. 1394)

000 -LEADER
fixed length control field nam a22 a 4500
003 - CONTROL NUMBER IDENTIFIER
control field AKMAL
005 - DATE AND TIME OF LATEST TRANSACTION
control field 20170509125151.0
008 - FIXED-LENGTH DATA ELEMENTS--GENERAL INFORMATION
fixed length control field 170509s1984 si 00 eng d
040 ## - CATALOGING SOURCE
Original cataloging agency AKMAL
082 ## - DEWEY DECIMAL CLASSIFICATION NUMBER
Classification number 301.2 CRA
090 00 - LOCALLY ASSIGNED LC-TYPE CALL NUMBER (OCLC); LOCAL CALL NUMBER (RLIN)
Classification number (OCLC) (R) ; Classification number, CALL (RLIN) (NR) 301.2
Local cutter number (OCLC) ; Book number/undivided call number, CALL (RLIN) CRA
100 1# - MAIN ENTRY--PERSONAL NAME
Personal name Craig, Jo Ann
9 (RLIN) 2740
245 10 - TITLE STATEMENT
Title Culture shock :
Remainder of title Singapore and Malaysia /
Statement of responsibility, etc. Jo Ann Craig
260 ## - PUBLICATION, DISTRIBUTION, ETC.
Place of publication, distribution, etc. Singapore :
Name of publisher, distributor, etc. Times Books International,
Date of publication, distribution, etc. 1984
300 00 - PHYSICAL DESCRIPTION
Extent xvii, 217p. :
Other physical details ill. ;
Dimensions 19cm
651 #0 - SUBJECT ADDED ENTRY--GEOGRAPHIC NAME
Geographic name Singapore
General subdivision Description and travel
-- Guidebooks
9 (RLIN) 2741
651 #0 - SUBJECT ADDED ENTRY--GEOGRAPHIC NAME
Geographic name Malaysia
General subdivision Description and travel
Form subdivision Guidebooks
9 (RLIN) 2742
856 41 - ELECTRONIC LOCATION AND ACCESS
Uniform Resource Identifier ftp://tag856.pnm.gov.my/tag856/buku/9971650037.pdf
Link text Electronic Resource
942 ## - ADDED ENTRY ELEMENTS (KOHA)
Source of classification or shelving scheme
Koha item type Book
Holdings
Withdrawn status Lost status Source of classification or shelving scheme Damaged status Not for loan Collection code Home library Current library Shelving location Date acquired Inventory number Total Checkouts Full call number Barcode Date last seen Price effective from Koha item type
          NON-FICTION AKMAL Melaka AKMAL Melaka PINJAMAN 09.05.2017 300238   301.2 CRA 201702655 09.05.2017 09.05.2017 Book
Pusat Sumber Maklumat Dato' Haji Sarmin Md Hussin, Akademi Kastam Diraja Malaysia, Melaka
Tel: 06-2331106 | Faks: 06-2313787